000 00801nam a2200217Ii 4500
003 JO-AjNU
008 230605s9999||||xx |||||||||||||| ||und||
017 _a2003/3/374
040 _aJO-AjNU
_bara
_erda
_cJO-AjNU
041 _aara
050 1 4 _aKMM97.I86 2003
100 3 _aتاليف إسماعيل، محمد حسين,
_eauthor
_946996
245 0 0 _aالقانون التجاري: الأعمال التجارية - التاجر - المحل التجاري - العقود التجارية
250 _aط1
264 3 1 _aعمان: مؤسسة الوراق للنشر والتوزيع، 2003
300 _a369ص
336 _atext
_btxt
_2rdacontent
337 _aunmediated
_bn
_2rdamedia
338 _avolume
_bnc
_2rdacarrier
650 4 _aالقانون التجاري - الاردن
_946997
999 _aA20485
_c24053
_d24053